World history of the middle period 1500-1800 / (Record no. 37247)

MARC details
000 -LEADER
fixed length control field 00785nam a22002057a 4500
005 - DATE AND TIME OF LATEST TRANSACTION
control field 2010072205365.0
010 ## - LCCN (DPL NO)
LC control number ENG-96687
020 ## - INTERNATIONAL STANDARD BOOK NUMBER
International Standard Book Number 9789380388052
Terms of availability 1095.00
035 ## - SYSTEM CONTROL NUMBER
System control number EN-80220
037 ## - SOURCE OF ACQUISITION
Source of stock number/acquisition DBAD/PUB
082 ## - DEWEY DECIMAL CLASSIFICATION NUMBER
Classification number 902.0722
100 ## - MAIN ENTRY--PERSONAL NAME
Personal name Bakshi, S.R.
245 ## - TITLE STATEMENT
Title World history of the middle period 1500-1800 /
Statement of responsibility, etc by S.R. Bakshi
260 ## - PUBLICATION, DISTRIBUTION, ETC. (IMPRINT)
Place of publication, distribution, etc New Delhi
Name of publisher, distributor, etc D.P.S. Publishing House
Date of publication, distribution, etc 2010
270 ## - ADDRESS
City New Delhi
Postal code 110002
Address Room No.213, 7/28, Mahavir street, Ansari Road, Darya Ganj,
300 ## - PHYSICAL DESCRIPTION
Extent 353 p.
Dimensions 23 cm (hb)
500 ## - GENERAL NOTE
General note includes bibliographical references and index
942 ## - ADDED ENTRY ELEMENTS (KOHA)
Source of classification or shelving scheme Dewey Decimal Classification
Item type English Books
Call number suffix BAk
Classification part 902.0722
Holdings
Withdrawn status Lost status Not for loan Collection code Home library Current library Date acquired Cost, normal purchase price Full call number Barcode Copy number Cost, replacement price Koha item type
      Non-fiction D.B.Act.Division D.B.Act.Division 22/07/2010 1095.00 902.0722 BAk EN-80220 1 1095.00 English Books

© Delhi Public Library
Hit Counter
free hit counter